Estudios básicos para la estación terminal de la canalización de las lagunas del Atlántico.

محفوظ في:
التفاصيل البيبلوغرافية
المؤلف الرئيسي: Elizondo Morales, Olman
التنسيق: غير معروف
منشور في: [San José, Costa Rica] 1967
الموضوعات:
الوسوم: إضافة وسم
لا توجد وسوم, كن أول من يضع وسما على هذه التسجيلة!

MARC

LEADER 00000 a2200000 4500
003 011202
005 20221231143810.0
008 140114s1967 C a m 000 ||S d
040 |c cru CEDI 
090 |a TFG 239 
100 |a Elizondo Morales, Olman  |9 17637 
245 |a Estudios básicos para la estación terminal de la canalización de las lagunas del Atlántico. 
260 |c 1967  |a [San José, Costa Rica] 
300 |a  55 hojas, gráficos (plegables) ; 28 cm  
500 |a  Tesis (Ingeniero Civil) Universidad de Costa Rica  
650 |x PUERTOS - COSTA RICA  |9 17638 
942 |c TFG 
999 |c 12145  |d 12145